00728nam a2200181 a 450000100100000000500170001000800410002704000250006808200080009310000270010111101250012824500580025326000320031130000200034304900090036395201570037299900170052900003064420200930062427.0110525s1938 dr 000 0 spa d aDO-SdBNPbspacBNPHU axxx1 aLugo S., Amable9572311 aConferencia dictada por el Dr. Amable Lugo S. en la Junta Comunical del Partido ¨Dominicano¨ en lacRomad1938.95723210aPersonalidad política de Trujillo /cAmable Lugo S. aLa Romana :bAtenas,c1938. a16 p. ;c18 cm. aBNPD 0010718PDaPDbPDcCTd2011-05-25iLF1l0oxxx p30644-10r2020-06-25w2020-06-25yLFPDzPerteneció a la colección Carlos LarrazabalZNo se presta c30136d30136